000 00934nam a2200265 i 4500
001 000038473
003 DO-SdBNP
005 20250313143614.0
007 ta
008 130412s1998 dr r 000 0 spa d
040 _aDO-SdBNP
_bspa
_cBNPHU
_erda
082 _axxxx
_bS583e
_222
100 1 _a Silié Gatón, José A.,
_d1920-2014
_eautor
_4aut.
_9747
245 1 0 _aÉtica profesional /
_cJosé Silié Gatón ; prólogo, Víctor Melitón Rodríguez.
264 1 _aSanto Domingo :
_bLibrería y Papeleria La Filantropica,
_c1998.
300 _a225 páginas ;
_c22 cm.
336 _atexto
_btxt
_2rdacontent
337 _asin mediación
_bn
_2rdamedia
338 _avolumen
_bnc
_2rdacarrier
500 _aIncluye datos biográficos del autor en la contracubierta
504 _aBibliografía : páginas 223-225
590 _aInventariado, 2019/BT
700 1 _aMelitón Rodríguez, Víctor,
_eprologuista
_921051
942 _2ddc
_cLBS1
999 _c37963
_d37963